000 00531nam a22001697a 4500
005 20251108172912.0
008 250721s2002 xx 000 0 ara d
082 1 4 _a618.1 /ريا
100 1 _aالرياحي، فراس
245 1 0 _aالمعين في التوليد وأمراض النساء لنيل ال mrcog : التوليد /
264 1 _aعمان :
_bدار الأقصى،
_c2002.
300 _a418 ص.
650 1 7 _aالأمراض النسائية
650 1 7 _aالولادة
942 _2ddc
_cBK
999 _c91375
_d91375